| 000 | 00404pab a2200169 454500 | ||
|---|---|---|---|
| 008 | 180718b1997 xxu||||| |||| 00| 0 eng d | ||
| 100 | _aBuch, M.N. | ||
| 245 | _aCult of slavery: feudal mindset of our leaders | ||
| 260 | _c1997 | ||
| 300 | _ap.8 | ||
| 362 | _a3 Apr | ||
| 650 | _aSocial problems | ||
| 650 | _aPoverty | ||
| 650 | _aPolitics and government | ||
| 773 | _aStatesman | ||
| 909 | _a34915 | ||
| 999 |
_c34915 _d34915 |
||